000 00285nam a22001217a 4500
082 _a226.5 BRO
100 _aBrown, Raymon E.
245 _aThe Gospel According to Jhon
260 _aLondon
_bGeoffrey Chapman
_c1971
300 _a538
650 _aBible N T
_aGospel John
942 _cBK
999 _c20273
_d20273